KOHA-Header-6

Operating System Concepts (Record no. 948)

000 -LEADER
fixed length control field 00390nam a2200133Ia 4500
008 - FIXED-LENGTH DATA ELEMENTS--GENERAL INFORMATION
fixed length control field 190722s9999 xx 000 0 und d
020 ## - INTERNATIONAL STANDARD BOOK NUMBER
International Standard Book Number 978-81-265-5427-0
100 ## - MAIN ENTRY--PERSONAL NAME
Personal name Silberschatz, Galvin, Gagne
245 #0 - TITLE STATEMENT
Title Operating System Concepts
260 ## - PUBLICATION, DISTRIBUTION, ETC. (IMPRINT)
Place of publication, distribution, etc New Delhi (India)
Name of publisher, distributor, etc Wiley India PVt. Ltd. / John Wiley & Sons (Asia) Pte. Ltd.
Date of publication, distribution, etc 2016
300 ## - PHYSICAL DESCRIPTION
Extent 858p.:
942 ## - ADDED ENTRY ELEMENTS (KOHA)
Koha item type Books
942 ## - ADDED ENTRY ELEMENTS (KOHA)
Edition
Holdings
Withdrawn status Lost status Damaged status Not for loan Collection code Permanent Location Current Location Shelving location Date acquired Full call number Barcode Date last seen Price effective from Koha item type
      Not For Loan Computer Science MAJU MAJU   2019-07-22 658.4 7573 2019-07-22 2019-07-22 Computer Science

Powered by Koha